| 000 | 00586nam a2200181 a 4500 | ||
|---|---|---|---|
| 005 | 20230318063621.0 | ||
| 008 | 991125s1971 es 000 0 spa u | ||
| 035 | _aUPN01000000570 | ||
| 049 | _aCG | ||
| 050 | 4 |
_aLB1528 _bV3.4 |
|
| 100 | 1 | _aValenzuela Cervera, José A. | |
| 245 | 1 | 4 |
_aLas actividades del lenguaje / _cJosé A. Valenzuela Cervera. |
| 260 |
_aMadrid : _bRialp, _c1971. |
||
| 300 | _a210 p | ||
| 440 | 0 |
_aBiblioteca de educación y ciencias sociales. _pTécnicas y estudios experimentales ; _v10 |
|
| 650 | 4 |
_aLenguaje y lenguas _xEstudio y enseñanza _96150 |
|
| 905 | _aLibro | ||
| 999 |
_c570 _d570 |
||